| 000 | 00553nam a22001817a 4500 | ||
|---|---|---|---|
| 999 |
_c192069 _d192069 |
||
| 005 | 20220909165148.0 | ||
| 010 | _aENG-135011 | ||
| 020 |
_a9788175557710 _c1000.00 |
||
| 035 | _aEN-118543 | ||
| 037 | _bDBAD/PUB | ||
| 082 | _a809.93352 | ||
| 100 | _aJain, Seema | ||
| 245 |
_aWomen and Literature/ _cSeema Jain |
||
| 260 |
_aNew Delhi _bUniversity Publication _c2017 |
||
| 270 |
_a22/4735, Prakash Deep Building, Ansari Road, Darya Ganj _bNew Delhi _e110002 |
||
| 300 |
_avii, 224p. _c23cm(pbk) |
||
| 942 |
_2ddc _cEN _h809.93352 _mJAI |
||